| 000 | 00000nas##2200000za#4500 |
| 001 | 9.505651 |
| 003 | CaOODSP |
| 005 | 20200813121816 |
| 007 | cr ||||||||||| |
| 008 | 150406c2009||||xxc|| m o||||f| |0eng|d |
| 040 | |aCaOODSP|beng |
| 043 | |an-cn--- |
| 086 | 1 |aCS81-599E-PDF |
| 245 | 00|aEducation indicators in Canada : |h[electronic resource]|bfact sheet / |c[Issued by the] Tourism and the Centre for Education Statistics Division. |
| 260 | |aOttawa - Ontario : |bStatistics Canada |
| 310 | |aOccasional |
| 362 | 1 |aNo. 1, May 2009-- |
| 500 | |aIncorrect ISSN (1709-8653) printed on these publications. |
| 710 | 2 |aStatistics Canada. |
| 775 | 08|tIndicateurs de l'éducation au Canada : |w(CaOODSP)9.502049 |